[Event "Figueres 3rd op"]
[Site "Figueres"]
[Date "2013.12.21"]
[Round "6"]
[White "Ruiz Munoz, Jose Carlos"]
[Black "Pinsach Gelabert, Alexandre"]
[Result "0-1"]
[WhiteElo "1765"]
[BlackElo "2102"]
[PlyCount "42"]
[EventDate "2013.12.19"]
[EventType "swiss"]
[EventRounds "8"]
[EventCountry "ESP"]
[SourceTitle "EXT 2024"]
[Source "ChessBase"]
[SourceDate "2023.10.10"]
[SourceVersion "1"]
[SourceVersionDate "2023.10.10"]
[SourceQuality "1"]

1. Nf3 d5 2. g3 c5 3. Bg2 Nf6 4. d4 e6 5. 0-0 Nc6 6. e3 Be7 7. b3 0-0 8. Bb2 b6 9. Nbd2 Ba6 10. Re1 Rc8 11. a3 Qc7 12. dxc5 bxc5 13. Bf1 Bxf1 14. Rxf1 e5 15. Qe2 e4 16. Nh4 Rfe8 17. Nf5 Rcd8 18. Qb5 Ne5 19. b4 Bf8 20. bxc5 Rb8 21. Bxe5 Rxe5 0-1

[Event "Girona op-A 4th"]
[Site "Girona"]
[Date "2013.07.16"]
[Round "2"]
[White "Mas Recorda, Pere"]
[Black "Ruiz Munoz, Jose Carlos"]
[Result "1-0"]
[WhiteElo "2039"]
[BlackElo "1776"]
[PlyCount "72"]
[EventDate "2013.07.15"]
[EventType "swiss"]
[EventRounds "9"]
[EventCountry "ESP"]
[SourceTitle "CBM 155 Extra"]
[Source "ChessBase"]
[SourceDate "2013.08.26"]
[SourceVersion "1"]
[SourceVersionDate "2013.08.26"]
[SourceQuality "1"]

1. d4 Nf6 2. c4 c5 3. d5 b5 4. cxb5 a6 5. e3 axb5 6. Bxb5 Qa5+ 7. Nc3 Bb7 8. Bd2 Qb6 9. e4 g6 10. Qe2 Bg7 11. Nf3 0-0 12. 0-0 d6 13. Rab1 Nbd7 14. Kh1 Ba6 15. Bxa6 Rxa6 16. Nh4 e6 17. f4 exd5 18. exd5 Re8 19. Qd3 Qb7 20. Rfd1 Nb6 21. Bc1 Na4 22. a3 Nxc3 23. Qxc3 Nxd5 24. Qf3 Bd4 25. f5 Ra7 26. fxg6 fxg6 27. Bh6 Qf7 28. Re1 Rxe1+ 29. Rxe1 Bf2 30. Rd1 Bd4 31. Qh3 Re7 32. Nf3 Bxb2 33. Ng5 Qf5 34. Qb3 Bg7 35. g4 Qe4+ 36. Nf3 Qe1+ 1-0

[Event "Llinars del Valles op-B 6th"]
[Site "Llinars del Valles"]
[Date "2012.04.28"]
[Round "3"]
[White "Arcusa Postils, Eduard"]
[Black "Ruiz Munoz, Jose Carlos"]
[Result "1/2-1/2"]
[WhiteElo "1618"]
[BlackElo "1797"]
[PlyCount "64"]
[EventDate "2012.04.14"]
[EventType "swiss"]
[EventRounds "9"]
[EventCountry "ESP"]
[SourceTitle "EXT 2013"]
[Source "ChessBase"]
[SourceDate "2012.11.22"]
[SourceVersion "1"]
[SourceVersionDate "2012.11.22"]
[SourceQuality "1"]

1. e4 e6 2. d4 d5 3. e5 c5 4. c3 Qb6 5. Nf3 Nc6 6. a3 c4 7. Nbd2 Na5 8. Rb1 Bd7 9. Be2 Ne7 10. 0-0 Ng6 11. g3 Be7 12. Qc2 Rc8 13. h4 Nb3 14. Nxb3 cxb3 15. Qd3 a6 16. h5 Bb5 17. Qd1 Nf8 18. Bg5 f6 19. Bh4 Nd7 20. Bxb5 Qxb5 21. Re1 Kf7 22. Nd2 g5 23. hxg6+ hxg6 24. exf6 Nxf6 25. Qf3 Rcg8 26. Re5 Re8 27. Rbe1 Bd8 28. Nf1 Qc6 29. Nh2 Kg7 30. Qe2 Kf7 31. Qf3 Kg7 32. Qe2 Kf7 1/2-1/2

[Event "Llinars del Valles op-B 6th"]
[Site "Llinars del Valles"]
[Date "2012.04.14"]
[Round "1"]
[White "Lopez Martinez, Angel"]
[Black "Ruiz Munoz, Jose Carlos"]
[Result "0-1"]
[WhiteElo "1502"]
[BlackElo "1797"]
[PlyCount "62"]
[EventDate "2012.04.14"]
[EventType "swiss"]
[EventRounds "9"]
[EventCountry "ESP"]
[SourceTitle "EXT 2013"]
[Source "ChessBase"]
[SourceDate "2012.11.22"]
[SourceVersion "1"]
[SourceVersionDate "2012.11.22"]
[SourceQuality "1"]

1. e4 e6 2. d4 d5 3. Nd2 Nf6 4. e5 Nfd7 5. Ne2 c5 6. Nf3 Nc6 7. g3 Qb6 8. Bh3 cxd4 9. Nexd4 Bc5 10. c3 Ndxe5 11. 0-0 Nxf3+ 12. Nxf3 0-0 13. Qe2 Bd6 14. Be3 Qc7 15. Rfe1 e5 16. Bxc8 Qxc8 17. Rad1 e4 18. Ng5 Qf5 19. Kg2 Be7 20. Nh3 Rfd8 21. Nf4 g5 22. Qh5 Rd6 23. Rd2 Bf8 24. Nh3 Ne5 25. Qxg5+ Qxg5 26. Bxg5 Nf3 27. Red1 Nxd2 28. Rxd2 Bg7 29. Nf4 d4 30. c4 f6 31. Bh4 Bh6 0-1

[Event "Figueres op 12th"]
[Site "Figueres"]
[Date "2011.08.14"]
[Round "5"]
[White "Andres Sebastian, Luis"]
[Black "Ruiz Munoz, Jose Carlos"]
[Result "0-1"]
[WhiteElo "1530"]
[BlackElo "1812"]
[PlyCount "108"]
[EventDate "2011.08.11"]
[EventType "swiss"]
[EventRounds "9"]
[EventCountry "ESP"]
[SourceTitle "CBM 143 Extra"]
[Source "ChessBase"]
[SourceDate "2011.08.29"]
[SourceVersion "1"]
[SourceVersionDate "2011.08.29"]
[SourceQuality "1"]

1. e4 e6 2. Nf3 b6 3. d4 Bb7 4. e5 c5 5. c3 Nc6 6. Bb5 Nge7 7. Bg5 cxd4 8. Bxc6 Bxc6 9. cxd4 h6 10. Bxe7 Bxe7 11. 0-0 0-0 12. Nc3 d5 13. exd6 Qxd6 14. Ne5 Bb7 15. Qg4 Bf6 16. Rad1 Qb4 17. Nd7 Be7 18. Nxf8 Rxf8 19. Ne4 f5 20. Qg6 Bxe4 21. Qxe6+ Kh8 22. a3 Qd6 23. d5 Rd8 24. Qf7 Bf6 25. f3 Bxd5 26. Qxa7 Bxb2 27. Qa6 Bxa3 28. Rd3 Bc5+ 29. Kh1 Qe6 30. Rfd1 Qe2 31. Qa1 Qe6 32. Qc3 Qe2 33. Re1 Qf2 34. Rdd1 h5 35. Rf1 Qh4 36. Qe5 Bd6 37. Rd4 Bxe5 38. Rxh4 Bf7 39. h3 Rd4 40. Rxd4 Bxd4 41. g3 b5 42. Rd1 Bf6 43. Kg2 b4 44. g4 b3 45. Rb1 b2 46. f4 Ba2 47. Rxb2 Bxb2 48. gxf5 Bb1 49. Kg3 Bxf5 50. Kh4 g6 51. Kg5 Kg7 52. Kh4 Bc3 53. Kg3 Kf7 54. Kf3 Bxh3 0-1

[Event "Olot Volcans op 2nd"]
[Site "Olot"]
[Date "2011.04.16"]
[Round "3"]
[White "Ruiz Munoz, Jose Carlos"]
[Black "Caballero Maytin, Jesus"]
[Result "1/2-1/2"]
[WhiteElo "1801"]
[BlackElo "2113"]
[PlyCount "69"]
[EventDate "2011.04.09"]
[EventType "swiss"]
[EventRounds "8"]
[EventCountry "ESP"]
[SourceTitle "CBM 142 Extra"]
[Source "ChessBase"]
[SourceDate "2011.06.27"]
[SourceVersion "1"]
[SourceVersionDate "2011.06.27"]
[SourceQuality "1"]

1. d4 Nf6 2. c4 e6 3. Nf3 Bb4+ 4. Nc3 b6 5. Bg5 h6 6. Bh4 0-0 7. a3 Bxc3+ 8. bxc3 d6 9. e4 Bb7 10. Bd3 Nbd7 11. 0-0 Qc8 12. Re1 Re8 13. e5 Nh7 14. Qc2 Ndf8 15. Re3 Qd7 16. Bg3 Bxf3 17. gxf3 f5 18. exf6 Nxf6 19. f4 Qf7 20. f5 exf5 21. Bxf5 Rxe3 22. fxe3 Qxc4 23. Rf1 Re8 24. e4 Ne6 25. e5 dxe5 26. Bxe5 Rf8 27. Bxf6 Rxf6 28. Bh7+ Kf7 29. Rxf6+ gxf6 30. Qg6+ Ke7 31. Bg8 Qe2 32. Bxe6 Qxe6 33. Qxh6 Qg4+ 34. Kf2 Qf5+ 35. Ke3 1/2-1/2

[Event "Figueres op 11th"]
[Site "Figueres"]
[Date "2010.08.11"]
[Round "1"]
[White "Ruiz Munoz, Jose Carlos"]
[Black "Carlstedt, Jonathan"]
[Result "0-1"]
[WhiteElo "1820"]
[BlackElo "2379"]
[PlyCount "72"]
[EventDate "2010.08.11"]
[EventType "swiss"]
[EventRounds "9"]
[EventCountry "ESP"]
[SourceTitle "CBM 137 Extra"]
[Source "ChessBase"]
[SourceDate "2010.09.01"]
[SourceVersion "1"]
[SourceVersionDate "2010.09.01"]
[SourceQuality "1"]

1. e4 c5 2. Nf3 d6 3. d4 cxd4 4. Nxd4 Nf6 5. Nc3 g6 6. Bg5 Bg7 7. f4 0-0 8. Qd2 Nbd7 9. Be2 Nc5 10. Bxf6 Bxf6 11. 0-0-0 Ne6 12. Nb3 a5 13. a4 Bxc3 14. bxc3 Qb6 15. Bb5 Nc5 16. Qd4 Bg4 17. Rd2 Rac8 18. Nxc5 Qxc5 19. Qxc5 Rxc5 20. Kb2 Be6 21. Re1 Rfc8 22. Re3 Bc4 23. Bxc4 Rxc4 24. Rd4 Rxd4 25. cxd4 Rc4 26. c3 Rxa4 27. Re1 b5 28. g4 Rc4 29. Ra1 b4 30. cxb4 axb4 31. Rd1 Rc3 32. Rc1 Re3 33. e5 Re4 34. exd6 exd6 35. Rc4 Rxf4 36. Rxb4 Rxg4 0-1